Egypt and the east Mediterranean world, 2200-1900 B.C. : studies in Egyptian foreign relations during the first intermediate period /

محفوظ في:

المؤلف الرئيسي: Ward, William A., 1928- (مؤلف)

التنسيق: كتاب

اللغة: English

منشور في: [Beirut] : American University of Beirut, 1971.

الطبعة: 1st ed.

الموضوعات:

الوسوم: إضافة وسم

لا توجد وسوم, كن أول من يضع وسما على هذه التسجيلة!

رقم الطلب: DT82 .W26

LEADER 00899nam a22002537a 4500
003 OSt
005 20260210094508.0
008 260210t1971 le a g b 000 0 eng d
040 |c ARCE Library 
043 |a f-ua---  |a aw----- 
050 1 4 |a DT82  |b .W26 
100 1 |a Ward, William A.,   |d 1928-   |e author 
245 1 0 |a Egypt and the east Mediterranean world, 2200-1900 B.C. :   |b studies in Egyptian foreign relations during the first intermediate period /   |c by William A. Ward. 
250 |a 1st ed. 
264 1 |a [Beirut] :   |b American University of Beirut,   |c 1971.  
300 |a xxiv, 145 pages :   |b illustrations ;   |c 29 cm.  
504 |a Includes bibliographical references. 
651 0 |a Egypt  |x History  |y To 332 B.C.  
651 0 |a Egypt  |x Antiquities. 
651 0 |a Egypt  |x Relations  |z Middle East. 
651 0 |a Middle East  |x Relations  |z Egypt. 
901 |a reviewed 
942 |c BK  |2 lcc 
999 |c 28011  |d 28011